000 00708cab a2200229 4500
001 ABS47683
008 090401t1992 xxu||||| |||| 00| 0 eng d
035 _a(Sirsi) u63030
041 _aeng
100 _aShorrock, K.
245 _aRequirement of certainty in the duration of a lease
260 _c1992
350 _a0
490 _aSolicitors` Journal
_v136 4 December 1992, 1214-1217(3)
520 _aExamines the House of Lords decision in "Prudential Assurance Co Ltd v London Residuary Body and others". (ABS46933)
650 _aHIGHWAY AUTHORITY
650 _aLEASES
650 _aNOTICE TO QUIT
690 _aLANDLORD AND TENANT-BUSINESS TENANCIES
942 _n0
948 _c04/03/1997
999 _c39178
_d39178